Δομή και δυναμική μειοβενθικών βιοκοινοτήτων, με έμφαση στα αρπακτικοειδή κωπήποδα, σε ένα παράκτιο οικοσύστημα της ΝΔ Κρήτης (Ελαφονήσι) : πτυχιακή εργασία

Αποθηκεύτηκε σε:
Λεπτομέρειες βιβλιογραφικής εγγραφής
Κύριος συγγραφέας: Καλογεροπούλου, Βασιλική
Συγγραφή απο Οργανισμό/Αρχή: Πανεπιστήμιο Αιγαίου Σχολή Περιβάλλοντος Τμήμα Επιστημών της Θάλασσας
Μορφή: Thesis Βιβλίο
Γλώσσα:Greek
Δημοσίευση: Μυτιλήνη : Πανεπιστήμιο Αιγαίου, Τμήμα Επιστημών της Θάλασσας, 2004
Θέματα:
Διαθέσιμο Online:http://hdl.handle.net/11610/7411
Ετικέτες: Προσθήκη ετικέτας
Δεν υπάρχουν, Καταχωρήστε ετικέτα πρώτοι!

MARC

LEADER 00000cam a2200000 i 4500
001 1/83748
008 050823s2004 gr | ||| |||| ||gre||
035 |l 10079853 
040 |a GR-MyUa  |b gre  |e AACR2  
041 0 |a gre 
082 7 |a 578.77  |2 (22) 
100 1 |a Καλογεροπούλου, Βασιλική. 
245 1 0 |a Δομή και δυναμική μειοβενθικών βιοκοινοτήτων, με έμφαση στα αρπακτικοειδή κωπήποδα, σε ένα παράκτιο οικοσύστημα της ΝΔ Κρήτης (Ελαφονήσι) :   |b πτυχιακή εργασία /   |c Καλογεροπούλου Βασιλική ; υπεύθυνος καθηγητής Κουτσούμπας Δρόσος, Ελευθερίου Αναστάσιος.  
260 |a Μυτιλήνη :   |b Πανεπιστήμιο Αιγαίου, Τμήμα Επιστημών της Θάλασσας,   |c 2004 
300 |a 82 σ., xvi :   |b διαγρ., πιν., εικ. ;   |c 30 εκ.  
502 |a Πτυχιακή εργασία – Πανεπιστήμιο Αιγαίου, Λέσβος, 2004.  
504 |a Βιβλιογραφία: σ. 76-82.  
650 0 |a Benthos  |z Greece  |z Chania (Nome) 
650 0 |a Population biology. 
650 0 |a Zooplankton  |x Ecology. 
650 0 |a Marine zooplankton  |x Ecology. 
650 0 |a Dissertations, Academic  |z Greece. 
700 1 |a Κουτσούμπας, Δρόσος,  |e dgs 
710 2 |a Πανεπιστήμιο Αιγαίου  |b Σχολή Περιβάλλοντος  |b Τμήμα Επιστημών της Θάλασσας. 
852 |a INST  |b LESVOS  |c DIATR  |e 20050823  |h 55  |p 005100031267  |q 005100031267  |t DIE  |y 23 
852 |a INST  |b LESVOS  |c DIATR  |e 20050823  |h 56  |p 005100031266  |q 005100031266  |t DIE  |y 23 
856 |u http://hdl.handle.net/11610/7411 
901 |a BIBL1-2005-2 
924 |a Καλογεροπούλου  |b Βασιλική  |y Λέσβος  |z 2004-10 
970 |a ΜΑΡΙΝΑΤΟΥ  |b ΜΥΡΣΙΝΗ  |z 2005/08/23